[Event "Mazowiec-chT 1617"]
[Site "Warsaw"]
[Date "2017.01.15"]
[Round "5.9"]
[White "Koziol, Pawel"]
[Black "Brewczynski, Robert"]
[Result "1-0"]
[WhiteElo "1862"]
[BlackElo "2014"]
[PlyCount "61"]
[EventDate "2016.12.11"]
[EventType "team-tourn"]
[EventRounds "10"]
[EventCountry "POL"]
[SourceTitle "EXT 2019"]
[Source "ChessBase"]
[SourceDate "2018.10.10"]
[SourceVersion "1"]
[SourceVersionDate "2018.10.10"]
[SourceQuality "1"]

1. Nf3 d5 2. g3 Nf6 3. Bg2 g6 4. 0-0 Bg7 5. d3 0-0 6. Nbd2 Nc6 7. e4 e5 8. b3 Re8 9. Bb2 dxe4 10. dxe4 Qe7 11. Re1 Bg4 12. h3 Bxf3 13. Nxf3 Rad8 14. Qc1 Qc5 15. Ba3 Qa5 16. Bb2 Qc5 17. Bf1 Nd4 18. Nxd4 exd4 19. Bd3 Nd7 20. Qd1 h5 21. f4 Bh6 22. Qf3 Nf6 23. Rad1 Qa5 24. a4 c5 25. Bc1 Qb6 26. g4 hxg4 27. hxg4 Bg7 28. Re2 a6 29. Rde1 Qc6 30. Qg3 Qd7 31. f5 1-0

[Event "Mazowiec-chT 1617"]
[Site "Warsaw"]
[Date "2017.01.15"]
[Round "6.9"]
[White "Szymczak, Rafal"]
[Black "Brewczynski, Robert"]
[Result "1/2-1/2"]
[WhiteElo "2014"]
[BlackElo "2014"]
[PlyCount "36"]
[EventDate "2016.12.11"]
[EventType "team-tourn"]
[EventRounds "10"]
[EventCountry "POL"]
[SourceTitle "EXT 2019"]
[Source "ChessBase"]
[SourceDate "2018.10.10"]
[SourceVersion "1"]
[SourceVersionDate "2018.10.10"]
[SourceQuality "1"]

1. d4 f5 2. e4 fxe4 3. Nc3 Nf6 4. Bg5 Nc6 5. f3 e3 6. Bxe3 e6 7. a3 d6 8. Bc4 Qe7 9. Nge2 g6 10. Qd2 Bg7 11. 0-0 0-0 12. Ng3 Kh8 13. Bg5 Qf7 14. Nce2 Bd7 15. c3 Rae8 16. Rad1 Nd5 17. Ne4 Nce7 18. Ba2 b6 1/2-1/2

[Event "Mazowiec-chT 1516"]
[Site "Poland"]
[Date "2016.01.24"]
[Round "4.2"]
[White "Brewczynski, Robert"]
[Black "Kielar, Maciej"]
[Result "0-1"]
[WhiteElo "2045"]
[BlackElo "2115"]
[PlyCount "130"]
[EventDate "2015.12.13"]
[EventType "team-tourn"]
[EventRounds "7"]
[EventCountry "POL"]
[SourceTitle "EXT 2019"]
[Source "ChessBase"]
[SourceDate "2018.10.10"]
[SourceVersion "1"]
[SourceVersionDate "2018.10.10"]
[SourceQuality "1"]
[WhiteTeam "Minsk Mazowiecki MTSz"]
[BlackTeam "Skoczek Trojanski"]
[WhiteTeamCountry "POL"]
[BlackTeamCountry "POL"]

1. d4 Nf6 2. Nf3 g6 3. g3 Bg7 4. Bg2 c5 5. c3 Qc7 6. 0-0 0-0 7. Bf4 d6 8. Qd2 Nbd7 9. Bh6 e5 10. Bxg7 Kxg7 11. a4 Re8 12. Na3 a6 13. dxe5 dxe5 14. Nc4 e4 15. Ng5 h6 16. Nh3 Ne5 17. Qd6 Qxd6 18. Nxd6 Rd8 19. Rfd1 Rb8 20. Nxc8 Rbxc8 21. b3 a5 22. f4 Neg4 23. Nf2 Nxf2 24. Kxf2 Ng4+ 25. Kg1 f5 26. h3 Ne3 27. Rxd8 Rxd8 28. Kf2 Nc2 29. Rg1 Kf6 30. h4 Rd2 31. Bh3 h5 32. Rb1 Ke6 33. Bg2 Kd5 34. Bh1 b6 35. Bg2 Kc6 36. c4 Nd4 37. Bf1 Rc2 38. Ke3 Rc3+ 39. Kf2 Nxb3 40. Rd1 e3+ 41. Kg1 Nd2 42. Bg2+ Kc7 43. Bd5 Ra3 44. Bf7 Rxa4 45. Bxg6 Rxc4 46. Bxh5 Rd4 47. Ra1 Kd6 48. Ra2 Ke7 49. Ra1 a4 50. Bg6 Kf6 51. Be8 Ne4 52. Bxa4 Nxg3 53. Bb5 Rb4 54. Kg2 Nh5 55. Bc6 Nxf4+ 56. Kf3 Ng6 57. Kxe3 Nxh4 58. Rd1 Rb3+ 59. Kf2 Ke5 60. Rd5+ Kf4 61. Rd6 Kg5 62. Be8 Rb4 63. Rd7 f4 64. Rd5+ Kf6 65. Bd7 Rd4 0-1

[Event "Mazowiec-chT 1516"]
[Site "Poland"]
[Date "2016.01.10"]
[Round "3.18"]
[White "Brewczynski, Robert"]
[Black "Golecki, Jan"]
[Result "1/2-1/2"]
[WhiteElo "2045"]
[BlackElo "1862"]
[PlyCount "86"]
[EventDate "2015.12.13"]
[EventType "team-tourn"]
[EventRounds "7"]
[EventCountry "POL"]
[SourceTitle "EXT 2019"]
[Source "ChessBase"]
[SourceDate "2018.10.10"]
[SourceVersion "1"]
[SourceVersionDate "2018.10.10"]
[SourceQuality "1"]
[WhiteTeam "Minsk Mazowiecki MTSz"]
[BlackTeam "Chylice Laura"]
[WhiteTeamCountry "POL"]
[BlackTeamCountry "POL"]

1. d4 Nf6 2. Nf3 e6 3. g3 b6 4. Bg2 Bb7 5. 0-0 Be7 6. c4 c5 7. d5 exd5 8. Nh4 d6 9. cxd5 0-0 10. Nf5 Re8 11. Nxe7+ Rxe7 12. Nc3 a6 13. a4 Nbd7 14. Re1 Qc7 15. Bf4 Rae8 16. h3 Nf8 17. Bg5 Ng6 18. Qd2 Bc8 19. e4 Qd7 20. Qd3 Ne5 21. Qd2 Qxh3 22. Bxh3 Nf3+ 23. Kg2 Nxd2 24. Bxd2 Bxh3+ 25. Kxh3 Nxe4 26. Nxe4 Rxe4 27. Rxe4 Rxe4 28. Re1 Rxe1 29. Bxe1 f5 30. g4 fxg4+ 31. Kxg4 b5 32. a5 b4 33. Bd2 Kf7 34. Kf5 g6+ 35. Kg5 Kg7 36. b3 h6+ 37. Kf4 Kf6 38. Bc1 g5+ 39. Ke4 h5 40. f4 g4 41. f5 h4 42. Kf4 h3 43. Bb2+ Kf7 1/2-1/2

[Event "Mazowiec-chT op"]
[Site "Poland"]
[Date "2014.10.05"]
[Round "2.13"]
[White "Brewczynski, Robert"]
[Black "Maj, Pawel1111"]
[Result "1/2-1/2"]
[WhiteElo "2055"]
[BlackElo "2023"]
[PlyCount "106"]
[EventDate "2014.10.05"]
[EventType "team-tourn"]
[EventRounds "10"]
[EventCountry "POL"]
[SourceTitle "EXT 2019"]
[Source "ChessBase"]
[SourceDate "2018.10.10"]
[SourceVersion "1"]
[SourceVersionDate "2018.10.10"]
[SourceQuality "1"]

1. d4 Nf6 2. Nf3 g6 3. g3 Bg7 4. Bg2 0-0 5. 0-0 d6 6. c4 Nbd7 7. Nc3 Rb8 8. h3 a6 9. a4 c5 10. e4 cxd4 11. Nxd4 a5 12. Be3 Nc5 13. Qc2 Bd7 14. Rfd1 Qc8 15. Kh2 Ne6 16. Ncb5 Nxd4 17. Nxd4 Bc6 18. Rac1 Nd7 19. b3 Nc5 20. Rb1 Bd7 21. Qd2 h5 22. Qxa5 h4 23. Qd2 hxg3+ 24. fxg3 Be5 25. Qf2 Kg7 26. h4 Rh8 27. Kg1 Bg4 28. Rd2 f6 29. Bf4 Bxf4 30. gxf4 e5 31. Nb5 exf4 32. Nxd6 Qc6 33. Qxf4 Qb6 34. Rf2 Rbf8 35. a5 Qa6 36. e5 f5 37. Qg5 Nd3 38. Qe7+ Kh6 39. Qg5+ Kg7 40. Qe7+ Kh6 41. Rd2 Qa7+ 42. Kf1 Qe3 43. Qg5+ Qxg5 44. hxg5+ Kxg5 45. Rxd3 f4 46. Bd5 f3 47. Ne4+ Kf4 48. Nf2 Kg3 49. Rb2 Rh5 50. Ne4+ Kf4 51. Nf2 Kg3 52. Ne4+ Kf4 53. Nf2 Kg3 1/2-1/2

[Event "POL-chT2"]
[Site "Poronin"]
[Date "2013.09.15"]
[Round "9.31"]
[White "Rudolf, Michal"]
[Black "Brewczynski, Robert"]
[Result "1-0"]
[WhiteElo "2359"]
[BlackElo "2070"]
[PlyCount "87"]
[EventDate "2013.09.06"]
[EventType "team-swiss"]
[EventRounds "9"]
[EventCountry "POL"]
[SourceTitle "EXT 2015"]
[Source "ChessBase"]
[SourceDate "2014.11.20"]
[SourceVersion "1"]
[SourceVersionDate "2014.11.20"]
[SourceQuality "1"]
[WhiteTeam "Warszawa YMCA"]
[BlackTeam "Minsk Mazowiecki MTSz"]
[WhiteTeamCountry "POL"]
[BlackTeamCountry "POL"]

1. e4 c5 2. Nf3 Nc6 3. Bb5 g6 4. Bxc6 dxc6 5. d3 Bg7 6. Nc3 Bg4 7. h3 Bxf3 8. Qxf3 Nf6 9. 0-0 0-0 10. Be3 Nd7 11. Qe2 e5 12. Qd2 Qe7 13. Bh6 Qe6 14. Rae1 f6 15. b3 b6 16. Ne2 Rad8 17. Be3 Rf7 18. a4 a5 19. Nc3 Re8 20. f3 Ref8 21. Bf2 f5 22. Nb1 f4 23. Na3 g5 24. Qe2 h5 25. Kh2 Rf6 26. Nc4 Rh6 27. Rd1 g4 28. Bh4 Bf6 29. Bxf6 Rfxf6 30. c3 Rfg6 31. Rg1 Rh7 32. d4 exd4 33. cxd4 Rhg7 34. dxc5 gxh3 35. gxh3 Rg3 36. Rxg3 Rxg3 37. Qf1 Nxc5 38. Rd6 Qe7 39. Rxc6 Nxb3 40. Qd1 Nc5 41. Qd5+ Kg7 42. Qxh5 Rg5 43. Qh6+ Kf7 44. Nd6+ 1-0

[Event "POL-chT2"]
[Site "Poronin"]
[Date "2013.09.13"]
[Round "7"]
[White "Kalinin, Oleg"]
[Black "Brewczynski, Robert"]
[Result "1-0"]
[WhiteElo "2328"]
[BlackElo "2070"]
[PlyCount "109"]
[EventDate "2013.09.06"]
[EventType "team-swiss"]
[EventRounds "9"]
[EventCountry "POL"]
[SourceTitle "EXT 2015"]
[Source "ChessBase"]
[SourceDate "2014.11.20"]
[SourceVersion "1"]
[SourceVersionDate "2014.11.20"]
[SourceQuality "1"]
[WhiteTeam "Czerwionka Leszczyny Skoczek"]
[BlackTeam "Minsk Mazowiecki MTSz"]
[WhiteTeamCountry "POL"]
[BlackTeamCountry "POL"]

1. d4 d5 2. c4 e5 3. dxe5 d4 4. Nf3 Nc6 5. a3 Bg4 6. Nbd2 Nge7 7. b4 Ng6 8. Qa4 a5 9. b5 Ncxe5 10. Bb2 Bxf3 11. gxf3 Bc5 12. Nb3 Qe7 13. 0-0-0 0-0 14. Nxc5 Qxc5 15. Bxd4 Qxc4+ 16. Qxc4 Nxc4 17. e3 Nd6 18. Rg1 f6 19. f4 Rfd8 20. Bd3 Kf7 21. Kb2 c6 22. Bb6 Rd7 23. bxc6 bxc6 24. Ka2 Nf8 25. Rc1 g6 26. Rxc6 Kg7 27. Bb1 Nb5 28. a4 Rd2+ 29. Kb3 Na7 30. Rc7+ Rd7 31. Rxa7 Raxa7 32. Bxa7 Rxa7 33. Rd1 Rb7+ 34. Ka3 Ne6 35. Be4 Rb4 36. Rd7+ Kh6 37. Bc2 Nc5 38. Rd4 Rb6 39. Rc4 Na6 40. Be4 f5 41. Rc6 Rxc6 42. Bxc6 Nb4 43. Bf3 Nd3 44. Kb3 Nc5+ 45. Kc4 Nxa4 46. Kb5 Nc3+ 47. Kxa5 Ne4 48. Bxe4 fxe4 49. Kb5 Kh5 50. Kc5 Kg4 51. Kd5 Kh3 52. Kxe4 h5 53. f5 gxf5+ 54. Kxf5 h4 55. Ke4 1-0

[Event "POL-chT2"]
[Site "Poronin"]
[Date "2013.09.08"]
[Round "2.91"]
[White "Brewczynski, Robert"]
[Black "Goluch, Piotr"]
[Result "0-1"]
[WhiteElo "2070"]
[BlackElo "2194"]
[PlyCount "116"]
[EventDate "2013.09.06"]
[EventType "team-swiss"]
[EventRounds "9"]
[EventCountry "POL"]
[SourceTitle "EXT 2015"]
[Source "ChessBase"]
[SourceDate "2014.11.20"]
[SourceVersion "1"]
[SourceVersionDate "2014.11.20"]
[SourceQuality "1"]
[WhiteTeam "Minsk Mazowiecki MTSz"]
[BlackTeam "Wroclaw AZS Politechnika"]
[WhiteTeamCountry "POL"]
[BlackTeamCountry "POL"]

1. d4 Nf6 2. c4 d6 3. Nc3 e5 4. d5 Bf5 5. Nf3 h6 6. g3 Nbd7 7. Bg2 Nc5 8. 0-0 a5 9. Nd2 e4 10. Nb3 Nfd7 11. Nxa5 Rxa5 12. b4 Ra6 13. bxc5 Nxc5 14. Be3 Qe7 15. Bxc5 dxc5 16. Qb3 Ra7 17. Rad1 h5 18. Nb5 Ra6 19. Nc3 Rhh6 20. Qb5+ Qd7 21. Rb1 Qxb5 22. Rxb5 b6 23. Rb2 e3 24. fxe3 Bd7 25. Nb5 Bxb5 26. cxb5 Ra5 27. Rf5 Bd6 28. Bh3 Ke7 29. e4 g6 30. Rf3 Be5 31. Rc2 Rh8 32. e3 Rha8 33. Rff2 Rxb5 34. Bf1 Rb4 35. Bc4 f6 36. Kg2 b5 37. d6+ cxd6 38. Bd5 Ra3 39. Kf3 Rb1 40. Rfe2 Rf1+ 41. Kg2 Rd1 42. Bc6 b4 43. Bb5 Rc3 44. Bc4 f5 45. exf5 gxf5 46. Rxc3 Bxc3 47. e4 fxe4 48. Rxe4+ Kd7 49. Rh4 d5 50. Bb5+ Kd6 51. Rxh5 Rd2+ 52. Kf3 c4 53. Ke3 Rxa2 54. Be8 b3 55. Bf7 Rd2 56. Rh6+ Kc7 57. Rh5 Rd3+ 58. Ke2 b2 0-1

[Event "Mazowiec-chT 1213"]
[Site "Poland"]
[Date "2013.02.24"]
[Round "10.16"]
[White "Brewczynski, Robert"]
[Black "Jedynak, January"]
[Result "1-0"]
[WhiteElo "2068"]
[BlackElo "1655"]
[PlyCount "73"]
[EventDate "2013.01.13"]
[EventType "team-tourn"]
[EventRounds "10"]
[EventCountry "POL"]
[SourceTitle "EXT 2019"]
[Source "ChessBase"]
[SourceDate "2018.10.10"]
[SourceVersion "1"]
[SourceVersionDate "2018.10.10"]
[SourceQuality "1"]

1. d4 e6 2. Nf3 c5 3. e3 Nf6 4. Bd3 Nc6 5. 0-0 Be7 6. c4 d5 7. b3 0-0 8. Bb2 cxd4 9. exd4 b6 10. Nbd2 Bb7 11. Rc1 Rc8 12. Qe2 Qd7 13. Ne5 Nxe5 14. dxe5 dxc4 15. bxc4 Qc6 16. f4 Nd7 17. Kh1 Nc5 18. Bb1 Rfd8 19. Nf3 Rd7 20. Nd4 Qc7 21. f5 Rcd8 22. f6 Bf8 23. fxg7 Bxg7 24. Nb5 Rd2 25. Qh5 Rxg2 26. Qxh7+ Kf8 27. Nxc7 Rg4+ 28. Nd5 exd5 29. Rxf7+ Kxf7 30. Qf5+ Kg8 31. Qxg4 dxc4+ 32. Kg1 Rd2 33. Rc2 Rxc2 34. Bxc2 Bd5 35. Bf5 Kf8 36. Qd4 Bf7 37. Qd8+ 1-0

[Event "Mazowiec-chT op 0910"]
[Site "Mazowsze"]
[Date "2010.01.31"]
[Round "5.1"]
[White "Brewczynski, Robert"]
[Black "Rogulski, Witold"]
[Result "1-0"]
[WhiteElo "2082"]
[BlackElo "2144"]
[PlyCount "91"]
[EventDate "2009.11.29"]
[EventType "team-tourn"]
[EventRounds "10"]
[EventCountry "POL"]
[SourceTitle "EXT 2011"]
[Source "ChessBase"]
[SourceDate "2010.11.26"]
[SourceVersion "1"]
[SourceVersionDate "2010.11.26"]
[SourceQuality "1"]

1. d4 Nf6 2. Nf3 e6 3. e3 b6 4. Bd3 Bb7 5. Nbd2 d5 6. 0-0 Be7 7. Ne5 Nbd7 8. f4 c5 9. c3 Ne4 10. Nxe4 dxe4 11. Bb5 Bc8 12. Bc6 Rb8 13. Bxe4 Nf6 14. Bc6+ Kf8 15. Bf3 Bb7 16. Bxb7 Rxb7 17. Qf3 Rc7 18. f5 exf5 19. Qxf5 g6 20. Qf3 Kg7 21. Bd2 Bd6 22. Nc6 Rxc6 23. Qxc6 Ng4 24. g3 Re8 25. Qf3 f5 26. e4 Rxe4 27. Rae1 Nxh2 28. Kxh2 Qh4+ 29. Kg2 Rg4 30. Bf4 Bxf4 31. Qxf4 Rxf4 32. gxh4 Rg4+ 33. Kh3 cxd4 34. cxd4 Rxd4 35. Rf2 Kh6 36. Re7 a5 37. Re6 Kh5 38. Rxb6 Rd3+ 39. Kg2 Kxh4 40. Rb5 Kg4 41. Rxa5 f4 42. Ra4 g5 43. Rc4 h5 44. a4 h4 45. a5 Rd5 46. b4 1-0

[Event "Mazowiec-chT op 0910"]
[Site "Mazowsze"]
[Date "2009.12.13"]
[Round "2.5"]
[White "Brewczynski, Robert"]
[Black "Szymanski, Andrzej1111"]
[Result "1-0"]
[WhiteElo "2082"]
[BlackElo "2217"]
[PlyCount "75"]
[EventDate "2009.11.29"]
[EventType "team-tourn"]
[EventRounds "10"]
[EventCountry "POL"]
[SourceTitle "EXT 2011"]
[Source "ChessBase"]
[SourceDate "2010.11.26"]
[SourceVersion "1"]
[SourceVersionDate "2010.11.26"]
[SourceQuality "1"]

1. d4 Nf6 2. c4 g6 3. Nf3 Bg7 4. g3 c6 5. Bg2 d5 6. cxd5 cxd5 7. 0-0 0-0 8. Nc3 Nc6 9. Ne5 e6 10. Nxc6 bxc6 11. Qd3 Qa5 12. Bd2 Qa6 13. Qc2 Nd7 14. e3 e5 15. dxe5 Nxe5 16. b4 Bg4 17. b5 cxb5 18. Nxd5 Bf3 19. Rac1 Rad8 20. e4 Qe6 21. Nf4 Qd7 22. Bc3 Bxg2 23. Kxg2 Rfe8 24. Nd5 Rc8 25. Qb3 h5 26. f4 Rxc3 27. Rxc3 Ng4 28. Rd3 Qc6 29. h3 Nf6 30. e5 Nd7 31. Rff3 Bf8 32. Rc3 Bc5 33. Kh2 Kg7 34. Rfd3 h4 35. gxh4 a6 36. Rg3 Qe6 37. Nf6 Nxf6 38. Qxe6 1-0

[Event "POL-chT Mazovia 06/07 op"]
[Site "Poland"]
[Date "2007.01.07"]
[Round "6.1"]
[White "Lokasto, Anatol"]
[Black "Brewczynski, Robert"]
[Result "1-0"]
[WhiteElo "2248"]
[BlackElo "2074"]
[PlyCount "119"]
[EventDate "2006.10.22"]
[EventType "team-swiss"]
[EventRounds "10"]
[EventCountry "POL"]
[SourceTitle "EXT 2019"]
[Source "ChessBase"]
[SourceDate "2018.10.10"]
[SourceVersion "1"]
[SourceVersionDate "2018.10.10"]
[SourceQuality "1"]
[WhiteTeam "Warszawa KS Wesola"]
[BlackTeam "Minsk Mazowiecki MTSz"]
[WhiteTeamCountry "POL"]
[BlackTeamCountry "POL"]

1. e4 c5 2. Nf3 Nc6 3. Bb5 e6 4. 0-0 Nge7 5. c3 a6 6. Ba4 d5 7. exd5 Qxd5 8. d4 b5 9. Bb3 c4 10. Bc2 Bb7 11. Nbd2 f5 12. Re1 Ng6 13. Nf1 0-0-0 14. Qe2 Be7 15. Qxe6+ Qxe6 16. Rxe6 Rhf8 17. Bd2 Rd6 18. Re2 Bd8 19. Ng3 Rd5 20. Nh5 Rd7 21. Nf4 Nxf4 22. Bxf4 g6 23. Rae1 Bf6 24. Re8+ Rd8 25. Rxd8+ Rxd8 26. Bg5 Rf8 27. Bxf6 Rxf6 28. Ng5 h6 29. Ne6 Nd8 30. Nxd8 Kxd8 31. f3 Kd7 32. Re5 Bc6 33. Kf2 Kd6 34. h4 Bd7 35. f4 Rf8 36. Bd1 Rb8 37. a3 a5 38. Bf3 Be6 39. Ke3 h5 40. d5 Bf7 41. Kd4 Rc8 42. a4 bxa4 43. Bd1 Rb8 44. Bxa4 Rxb2 45. Be8 Bxe8 46. Rxe8 a4 47. Re6+ Kc7 48. Ra6 Rxg2 49. Kxc4 Rg4 50. Kc5 Rxf4 51. c4 Rxh4 52. Rxg6 a3 53. Ra6 Rh3 54. d6+ Kd7 55. Ra7+ Ke8 56. Kc6 Re3 57. c5 h4 58. Ra8+ Kf7 59. d7 a2 60. d8Q 1-0

[Event "Mazowieckie-chT 0506"]
[Site "Poland"]
[Date "2006.01.08"]
[Round "7"]
[White "Traczyk, Pawel"]
[Black "Brewczynski, Robert"]
[Result "0-1"]
[WhiteElo "1875"]
[BlackElo "2072"]
[PlyCount "82"]
[EventDate "2005.10.09"]
[EventType "team-tourn"]
[EventRounds "9"]
[EventCountry "POL"]
[SourceTitle "EXT 2019"]
[Source "ChessBase"]
[SourceDate "2018.10.10"]
[SourceVersion "1"]
[SourceVersionDate "2018.10.10"]
[SourceQuality "1"]

1. d4 Nf6 2. c4 e6 3. Nc3 d5 4. e3 Be7 5. Nf3 0-0 6. Bd3 c5 7. 0-0 Nc6 8. a3 a6 9. dxc5 dxc4 10. Bxc4 Bxc5 11. b4 Bd6 12. Bb2 b5 13. Bb3 Bb7 14. Qe2 Qe7 15. Rfd1 Rac8 16. e4 Ne5 17. Nd4 Ng6 18. g3 Rxc3 19. Bxc3 Nxe4 20. Rac1 Nf4 21. Qg4 Nxc3 22. Rxc3 h5 23. Qxf4 Bxf4 24. gxf4 Qf6 25. Bc2 Qxf4 26. Nc6 h4 27. Rd4 Qg5+ 28. Kf1 Qf6 29. Rf3 Qg5 30. Rc3 Bxc6 31. Rxc6 Qc1+ 32. Kg2 h3+ 33. Kxh3 Qf1+ 34. Kg3 Qg1+ 35. Kh3 Qxf2 36. Rd3 g6 37. Rc5 Kg7 38. Rg3 Rh8+ 39. Kg4 f5+ 40. Bxf5 exf5+ 41. Rxf5 Qxf5# 0-1

[Event "Mazowieckie-chT 0506"]
[Site "Poland"]
[Date "2005.12.11"]
[Round "6"]
[White "Kasperkiewicz, Pawel"]
[Black "Brewczynski, Robert"]
[Result "1-0"]
[WhiteElo "2199"]
[BlackElo "2072"]
[PlyCount "90"]
[EventDate "2005.10.09"]
[EventType "team-tourn"]
[EventRounds "9"]
[EventCountry "POL"]
[SourceTitle "EXT 2019"]
[Source "ChessBase"]
[SourceDate "2018.10.10"]
[SourceVersion "1"]
[SourceVersionDate "2018.10.10"]
[SourceQuality "1"]

1. e4 c5 2. Nf3 Nc6 3. d4 cxd4 4. Nxd4 Nf6 5. Nc3 d6 6. f4 e6 7. Be3 Be7 8. Qf3 Bd7 9. 0-0-0 a6 10. g4 h6 11. h4 Qc7 12. g5 hxg5 13. hxg5 Rxh1 14. Qxh1 Ng4 15. Qh8+ Bf8 16. Bg1 d5 17. e5 Ncxe5 18. fxe5 Qxe5 19. Qh4 Ne3 20. Re1 Nf5 21. Rxe5 Nxh4 22. Nxd5 Rc8 23. Nb6 Rc7 24. Re4 Be7 25. Be3 Ng6 26. Nxd7 Kxd7 27. Nf3 Bc5 28. Bxc5 Rxc5 29. Rd4+ Ke7 30. Bd3 Ne5 31. Nxe5 Rxe5 32. Rg4 Kd6 33. b4 Kc6 34. Rf4 Rxg5 35. Rxf7 Rg4 36. c3 e5 37. Re7 Rg3 38. Kc2 b5 39. Rxe5 g5 40. Re6+ Kb7 41. Be4+ Kc7 42. Rxa6 Re3 43. Bd3 Re5 44. Rg6 Rd5 45. Rg7+ Kb6 1-0

[Event "Mazowieckie-chT 0405"]
[Site "Poland"]
[Date "2004.12.05"]
[Round "5"]
[White "Pazderski, Ziemowit"]
[Black "Brewczynski, Robert"]
[Result "1/2-1/2"]
[WhiteElo "2157"]
[BlackElo "2047"]
[PlyCount "83"]
[EventDate "2004.10.03"]
[EventType "team-tourn"]
[EventRounds "10"]
[EventCountry "POL"]
[SourceTitle "EXT 2019"]
[Source "ChessBase"]
[SourceDate "2018.10.10"]
[SourceVersion "1"]
[SourceVersionDate "2018.10.10"]
[SourceQuality "1"]

1. d4 Nf6 2. Bf4 g6 3. Nc3 d5 4. Nf3 Bg7 5. e3 0-0 6. Nb5 Na6 7. c4 c6 8. Nc3 Qa5 9. a3 Ne4 10. Qc1 Nxc3 11. Qxc3 Qd8 12. cxd5 cxd5 13. Bxa6 bxa6 14. Bc7 Qd7 15. 0-0 Bb7 16. Rfc1 Rfc8 17. Qa5 f6 18. Rc2 Bc6 19. Bg3 Bb5 20. Rac1 Rxc2 21. Rxc2 Rc8 22. Rxc8+ Qxc8 23. Qc7 Qf5 24. h3 Bf8 25. Kh2 g5 26. Qxa7 h5 27. Qa8 Kf7 28. h4 Be2 29. hxg5 Bxf3 30. g6+ Qxg6 31. gxf3 Qf5 32. Qxa6 Qxf3 33. Qd3 f5 34. Qf1 e6 35. b4 h4 36. Be5 Bh6 37. a4 Bxe3 38. Qg2 Bf4+ 39. Bxf4 Qxf4+ 40. Kg1 Qxd4 41. Qf3 Qxb4 42. Qh5+ 1/2-1/2